export_success — 

The Future and me : power of the youth market in Asia.

Bibliographic Details
Main Author: Hedrick-Wong
Format: Book
Published: Singapore: John Wiley & Sons, 2008.
Subjects:
LEADER 00656cam a2200253 7i4500
001 0000023599
005 20091007090000.0
020 0 0 |a 978-0-470-82208-1  
090 0 0 |a B 658.8343095   |b HED 
100 1 0 |a Hedrick-Wong  
245 1 4 |a The Future and me :   |b power of the youth market in Asia. 
260 0 0 |a Singapore:   |b John Wiley & Sons,   |c 2008. 
300 # # |a 155 p. 
650 0 0 |a Young consumers  
651 0 0 |a Japan  
651 0 0 |a Australia  
651 0 0 |a Asia  
651 0 0 |a Hong Kong  
651 0 0 |a Korea  
651 0 0 |a Taiwan  
651 0 0 |a India  
651 0 0 |a China  
651 0 0 |a Southeast Asia  
999 |a B000025408  |b Book  |c Book  |e Business Information Centre